Normal view MARC view

Entry Nome pessoal

Number of records used in: 1

001 - NÚMERO DE CONTROLE

  • campo de controle: 62

003 - IDENTIFICADOR DO NÚMERO DE CONTROLE

  • campo de controle: Br

005 - DATA E HORÁRIO DA ÚLTIMA TRANSAÇÃO

  • campo de controle: 20250121101910.0

008 - CAMPO DE DADOS FIXOS

  • campo de controle de tamanho fixo: 990712|| acnnnaab| aaaa d

035 ## - NÚMERO DE CONTROLE DO SISTEMA

  • Número de Controle do Sistema: 99071210482614106

040 ## - FONTE DA CATALOGAÇÃO

  • Instituição da catalogação original: Br
  • Instituição que transcreveu o registro: Br

100 1# - CABEÇALHO--NOME PESSOAL

  • Nome pessoal: Anderson, Poul,
  • Datas associadas ao nome: 1926-2001.

400 1# - REMISSIVA VER--NOME PESSOAL

  • Nome pessoal: Sanders, Winston P.
  • Datas associadas ao nome: 1926-2001

670 ## - FONTE POSITIVA DOS DADOS

  • Citação da fonte positiva dos dados: Autor de: Orion renascerá. 1992.

670 ## - FONTE POSITIVA DOS DADOS

  • Citação da fonte positiva dos dados: LC name aut. 77/91
  • Dados encontrados na fonte localizada no subcampo: (d.n. ; rem.)

670 ## - FONTE POSITIVA DOS DADOS

  • Citação da fonte positiva dos dados: LC reg. a506-819

670 ## - FONTE POSITIVA DOS DADOS

  • Citação da fonte positiva dos dados: CA-FGV
  • Dados encontrados na fonte localizada no subcampo: (d.n. ; rem.)

670 ## - FONTE POSITIVA DOS DADOS

  • Citação da fonte positiva dos dados: JB 3/8/2001
  • Dados encontrados na fonte localizada no subcampo: (D.)

Powered by Koha